000 00497nam a2200181Ia 4500
005 20240224113719.0
008 131103s9999 xx 000 0 und d
040 _aLoreto College
041 _aEnglish
082 _a370.954
_bCON
245 _aConcept of National Education in India,
_cNational Council of Education
260 _aCalcutta
_bThe Secretary
_c[1967]
300 _a124 p.
_b ill.,tables
650 _aEducation
651 _aIndia - Education
850 _aLCLIB
942 _cBK
999 _c9057
_d59536